01182nam a22003135a 450000500170000000800410001702000180005804000380007608200210011410000180013524500440015325000120019726000590020930000260026850000250029450400420031959000380036165000360039965000510043565000440048665000490053065000390057965000330061865100100065165300250066194200080068699900170069495201570071120161116115918.0161113s2016 nyu frb 001 0 eng d a9780415522922 aEG-ScBUEbengcEG-ScBUEdEG-ScBUE04a338.927bBAK2221 aBaker, Susan.10aSustainable development /cSusan Baker. a2nd ed. aNew York :bRoutledge / Taylor & Francis Group,c2016. axix, 449 p. ;c25 cm. aIndex : p. 437-449.  aIncludes bibliographical references.  aSuzan Ashmawy ; revised by Fouad. 7aSustainable development.2BUEsh 7aEconomic policyxEnvironmental aspects.2BUEsh 7aGlobalizationxEconomic aspects.2BUEsh 7aGlobalizationxEnvironmental aspects.2BUEsh 7aInternational organization.2BUEsh 7aEnvironmental policy.2BUEsh 2BUEsh bBUSBOLcNovember2016 2ddc c23098d23070 00102ddc40708AlahramaMAINbMAINc1STd2016-11-13ePurchaseg355.00h114l3m25o338.927 BAKp000045090r2025-07-15 00:00:00s2020-11-23v443.75yBB